اداے کفر / (Record no. 106924)

MARC details
000 -LEADER
fixed length control field 00747nam a22002537a 4500
005 - DATE AND TIME OF LATEST TRANSACTION
control field 20170123162319.0
010 ## - LIBRARY OF CONGRESS CONTROL NUMBER
LC control number 194313
020 ## - INTERNATIONAL STANDARD BOOK NUMBER
Terms of availability 1.50
035 ## - SYSTEM CONTROL NUMBER
System control number 194313
037 ## - SOURCE OF ACQUISITION
Source of stock number/acquisition Cen Lib/Ret
040 ## - CATALOGING SOURCE
Original cataloging agency DPL
Language of cataloging UR
082 ## - DEWEY DECIMAL CLASSIFICATION NUMBER
Classification number 841
Item number ب ح ے
100 ## - MAIN ENTRY--PERSONAL NAME
Personal name بحیشور شاد
9 (RLIN) 14217
245 ## - TITLE STATEMENT
Title اداے کفر /
Statement of responsibility, etc بحیشور شاد
246 ## - VARYING FORM OF TITLE
Title proper/short title Ada-e-kufar /
Remainder of title by Behishwar Shaad
260 ## - PUBLICATION, DISTRIBUTION, ETC. (IMPRINT)
Place of publication, distribution, etc دہلی
Name of publisher, distributor, etc آدرش کتاب گھر
Date of publication, distribution, etc 1962
270 ## - ADDRESS
Address اردو بازار
City دہلی
300 ## - PHYSICAL DESCRIPTION
Extent 111p.
Dimensions 19cm(Hb)
650 ## - SUBJECT ADDED ENTRY--TOPICAL TERM
Topical term or geographic name as entry element اردو ادب
9 (RLIN) 116078
650 ## - SUBJECT ADDED ENTRY--TOPICAL TERM
Topical term or geographic name as entry element اردو نظم
9 (RLIN) 116079
650 ## - SUBJECT ADDED ENTRY--TOPICAL TERM
Topical term or geographic name as entry element Urdu literature
9 (RLIN) 116080
650 ## - SUBJECT ADDED ENTRY--TOPICAL TERM
Topical term or geographic name as entry element Urdu poetry
9 (RLIN) 116081
942 ## - ADDED ENTRY ELEMENTS (KOHA)
Source of classification or shelving scheme Dewey Decimal Classification
Koha item type Urdu Bks
Classification part 841
Call number suffix ب ح ے
Holdings
Withdrawn status Lost status Damaged status Not for loan Home library Current library Date acquired Source of acquisition Cost, normal purchase price Total Checkouts Full call number Barcode Date last seen Copy number Cost, replacement price Price effective from Koha item type
        Central Library Central Library 31/12/2015 Cen Lib/Ret 1.50   841 ب ح ے 194313 31/12/2015 1 1.50 31/12/2015 Urdu Bks

© Delhi Public Library
Hit Counter
free hit counter